[Event "GER-ch Net Amateur Gr-A Vor1"]
[Site "Playchess.com INT"]
[Date "2020.04.14"]
[Round "1"]
[White "Hansch, Torsten"]
[Black "Knaak, Joachim"]
[Result "1/2-1/2"]
[WhiteElo "1995"]
[BlackElo "1648"]
[PlyCount "141"]
[EventDate "2020.04.14"]
[EventType "swiss (blitz)"]
[EventRounds "9"]
[EventCountry "GER"]
[SourceTitle "EXT 2021"]
[Source "ChessBase"]
[SourceDate "2020.10.23"]
[SourceVersion "1"]
[SourceVersionDate "2020.10.23"]
[SourceQuality "1"]

1. d4 d5 2. c4 c6 3. cxd5 cxd5 4. Nc3 Nf6 5. Nf3 Nc6 6. Bf4 a6 7. e3 Bf5 8. Bd3 Bxd3 9. Qxd3 e6 10. 0-0 Bd6 11. Bxd6 Qxd6 12. e4 dxe4 13. Nxe4 Nxe4 14. Qxe4 0-0 15. Rfd1 Rad8 16. h3 h6 17. Rac1 Qd5 18. Qxd5 Rxd5 19. Rc5 Rfd8 20. Rxd5 Rxd5 21. Rc1 Nxd4 22. Nxd4 Rxd4 23. Rc8+ Kh7 24. Rc7 Rb4 25. b3 Kg6 26. Kf1 a5 27. Ke2 a4 28. bxa4 Rxa4 29. Rxb7 Rxa2+ 30. Kf3 f5 31. h4 Ra4 32. g3 Kf6 33. Ke3 g5 34. hxg5+ hxg5 35. Rb6 g4 36. Rc6 Ra3+ 37. Ke2 Rb3 38. Ra6 Rf3 39. Rb6 Ra3 40. Rc6 Ke5 41. Rb6 Ra4 42. Ke3 Re4+ 43. Kd3 Kd5 44. Rb5+ Kc6 45. Ra5 Re1 46. Kd2 Re4 47. Kd3 Kd6 48. Kd2 Re5 49. Ra6+ Kd5 50. Kd3 Re4 51. Ra5+ Kd6 52. Kd2 Ke7 53. Kd3 Kf6 54. Kd2 f4 55. gxf4 Rxf4 56. Ke2 e5 57. Ra8 Kf5 58. Rf8+ Ke4 59. Ra8 Rf3 60. Ra4+ Kf5 61. Ra5 Rb3 62. Ra8 Kf4 63. Ra2 e4 64. Rc2 Rh3 65. Rc8 Rh5 66. Rf8+ Rf5 67. Rg8 Rf6 68. Rg7 Rf5 69. Rg8 Ra5 70. Rf8+ Rf5 71. Rg8 1/2-1/2